Игра престолов (Запись № 11787509)

Подробности
000 -МАРКЕР
контрольное поле 01863nam0a2200361 4500
001 - ИДЕНТИФИКАТОР ЗАПИСИ
контрольное поле RU\NLR\BIBL_A\011783192
005 - ИДЕНТИФИКАТОР ВЕРСИИ
контрольное поле 20180924170219.0
010 ## - МЕЖДУНАРОДНЫЙ СТАНДАРТНЫЙ НОМЕР КНИГИ (ISBN)
Номер (ISBN) 978-5-17-110304-0
Тираж 2000
021 ## - НОМЕР ГОСУДАРСТВЕННОЙ РЕГИСТРАЦИИ
Код страны Российская Федерация
Номер АЛ-П-18-00448и
Номер Листа государственной регистраци АЛ-П-18-0083
035 ## - ДРУГИЕ СИСТЕМНЫЕ НОМЕРА
Идентификатор записи (NLR Aleph) 011783192
035 ## - ДРУГИЕ СИСТЕМНЫЕ НОМЕРА
Идентификатор записи (RuMoRGB)009722233
100 ## - ДАННЫЕ ОБЩЕЙ ОБРАБОТКИ
Данные общей обработки 20180906d2018 e y0rusy50 ca
101 1# - ЯЗЫК РЕСУРСА
Язык текста, звукозаписи и т.д. русский
Язык оригинала английский
102 ## - СТРАНА ПУБЛИКАЦИИ ИЛИ ПРОИЗВОДСТВА
Страна публикации Российская Федерация
105 ## - ПОЛЕ КОДИРОВАННЫХ ДАННЫХ: ТЕКСТОВЫЕ МАТЕРИАЛЫ, МОНОГРАФИЧЕСКИЕ
Кодированные данные о монографическом текстовом документе a|||t|||000ay
200 1# - ЗАГЛАВИЕ И СВЕДЕНИЯ ОБ ОТВЕТСТВЕННОСТИ
Основное заглавие Игра престолов
Сведения, относящиеся к заглавию графический роман
Первые сведения об ответственности Джордж Р. Р. Мартин
Последующие сведения об ответственности адаптация - Дэниел Абрахам
-- [перевод с английского Анны Синицкой]
-- художник Томми Паттерсон
210 ## - ПУБЛИКАЦИЯ, РАСПРОСТРАНЕНИЕ И ДР.
Место издания, распространения и т.д. Москва
Имя издателя, распространителя и т. д. АСТ
Дата издания, распространения и т.д. 2018
215 ## - ФИЗИЧЕСКАЯ ХАРАКТЕРИСТИКА
Специфическое обозначение материала и объем 368, [96] с.
Другие сведения о физической характеристике ил., цв. ил.
Размеры 27
300 ## - ОБЩИЕ ПРИМЕЧАНИЯ
Текст примечания На 4-й с. обл.: Прочитаны книги цикла "Песнь Льда и Пламени", просмотрен популяр. сериал, снятый по эпической фэнтези-саге Джорджа Р.Р. Мартина
333 ## - ПРИМЕЧАНИЯ ОБ ОСОБЕННОСТЯХ РАСПРОСТРАНЕНИЯ И ИСПОЛЬЗОВАНИЯ
Текст примечания 18+
488 #0 - ДРУГИЕ ВЗАИМОСВЯЗАННЫЕ ПРОИЗВЕДЕНИЯ (ДОКУМЕНТЫ)
Встроенное поле 2001#$aПеснь Льда и Пламени$eцикл
Заглавие Песнь Льда и Пламени
500 10 - УНИФИЦИРОВАННОЕ ЗАГЛАВИЕ
Графика поля Кириллица
Унифицированное заглавие Игра престолов
Сведения, относящиеся к заглавию/сведения о виде, жанре, характере документа Телесериал
Системный номер авторитетной/нормативной записи 2637432
Идентификатор авторитетной / нормативной записи RU\NLR\AUTH\5506459
686 1# - ИНДЕКСЫ ДРУГИХ КЛАССИФИКАЦИЙ
Индекс Ш6(7США)67-440.4комикс{Лх1979-50комикс}
686 1# - ИНДЕКСЫ ДРУГИХ КЛАССИФИКАЦИЙ
Индекс Щ153(7США)65-475
702 #1 - ИМЯ ЛИЦА - ВТОРИЧНАЯ ОТВЕТСТВЕННОСТЬ
Код отношения Прочие
Графика поля Кириллица
Материалы, к которым относится поле rus
Начальный элемент ввода Мартин
Часть имени, кроме начального элемента ввода Д. Р. Р.
Даты 1948-
Расширение инициалов личного имени Джордж Рэймонд Ричард
Системный номер авторитетной/нормативной записи 14559
Идентификатор авторитетной/нормативной записи RU\NLR\AUTH\7731549
702 #1 - ИМЯ ЛИЦА - ВТОРИЧНАЯ ОТВЕТСТВЕННОСТЬ
Код отношения Прочие
Начальный элемент ввода Абрахам
Часть имени, кроме начального элемента ввода Д.
Даты 1969-
Расширение инициалов личного имени Дэниел
Системный номер авторитетной/нормативной записи 134577
Идентификатор авторитетной/нормативной записи RU\NLR\AUTH\770134611
702 #1 - ИМЯ ЛИЦА - ВТОРИЧНАЯ ОТВЕТСТВЕННОСТЬ
Начальный элемент ввода Паттерсон
Часть имени, кроме начального элемента ввода Т.
Расширение инициалов личного имени Томми
Код отношения Карикатурист, Художник
942 ## - ДОПОЛНИТЕЛЬНЫЕ ЭЛЕМЕНТЫ ЗАПИСИ (АБИС)
Тип экземпляра АБИС Книга
980 ## - КОЛЛЕКЦИЯ
Название коллекции НБР
980 ## - КОЛЛЕКЦИЯ
Название коллекции Национальная библиография

Нет доступных экземпляров.